[Event "21st 4NCL Congress"]
[Site "Harrogate"]
[Date "2019.01.19"]
[Round "2"]
[Board "4"]
[White "Tamas, Szilard"]
[Black "Kendall, Paul Sn"]
[Result "0-1"]
[WhiteElo "1821"]
[BlackElo "1934"]
[PlyCount "94"]
[EventDate "2019.01.18"]
[EventRounds "5"]
[EventCountry "ENG"]

1. e4 c5 2. Nf3 g6 3. a3 Bg7 4. Nc3 Nc6 5. Bc4 e6 6. d3 Nge7 7. Bg5 h6 8. Bh4
O-O 9. O-O a6 10. Rb1 b5 11. Ba2 Rb8 12. Bg3 d6 13. Qd2 e5 14. Nd5 Be6 15. Ne1
Bxd5 16. exd5 Nd4 17. f3 h5 18. c3 Ndf5 19. f4 Nxg3 20. hxg3 Nf5 21. Qf2 Bh6
22. Nc2 Qf6 23. Ne3 Nxe3 24. Qxe3 Rbe8 25. Qf3 Qf5 26. Rbe1 exf4 27. Rxe8 Rxe8
28. gxf4 Qg4 29. Qxg4 hxg4 30. g3 Re3 31. Kg2 Rxd3 32. c4 Bg7 33. Rf2 Bd4 34.
Re2 Kg7 35. Kh2 Rd1 36. Kg2 Ra1 37. b3 bxc4 38. bxc4 Kf6 39. a4 g5 40. fxg5+
Kxg5 41. Kh2 Be5 42. Kg2 f5 43. Kh2 Rc1 44. Rg2 f4 45. Rd2 f3 46. Bb3 Bd4 47.
Ra2 f2  0-1

[Event "21st 4NCL Congress"]
[Site "Harrogate"]
[Date "2019.01.19"]
[Round "2"]
[Board "5"]
[White "Cooper, Malcolm H"]
[Black "Livesey, R  Nigel"]
[Result "1/2-1/2"]
[WhiteElo "1925"]
[BlackElo "1797"]
[PlyCount "103"]
[EventDate "2019.01.18"]
[EventRounds "5"]
[EventCountry "ENG"]

1. e4 c6 2. d4 d5 3. Nc3 b5 4. a3 dxe4 5. Nxe4 Bf5 6. Ng3 Bg6 7. Nf3 e6 8. Bd3
Bxd3 9. Qxd3 Nd7 10. Bf4 Ngf6 11. O-O Be7 12. Rfe1 O-O 13. Ne4 Nb6 14. Ne5 Rc8
15. c3 Qd5 16. Bg5 Qd8 17. Bxf6 Bxf6 18. Nxf6+ Qxf6 19. Qe4 Qf5 20. Qxf5 exf5
21. Nd3 Nd5 22. Re5 g6 23. Rae1 a5 24. a4 f6 25. Re6 Kf7 26. Nc5 Rfe8 27. Rxe8
Rxe8 28. Rxe8 Kxe8 29. axb5 cxb5 30. Nb7 b4 31. c4 Nf4 32. Nxa5 Ne2+ 33. Kf1
Nxd4 34. Ke1 Kd7 35. Kd2 Kc7 36. Kd3 Ne6 37. Nb3 Nf4+ 38. Kd4 Nxg2 39. Kc5 Ne1
40. Kxb4 Nd3+ 41. Kc3 Nxf2 42. Nd4 Ng4 43. h4 h5 44. Nf3 Nf2 45. Kd4 Ne4 46.
Kd5 g5 47. hxg5 fxg5 48. Ke5 g4 49. Nh2 Nd2 50. Kxf5 Nxc4 51. Kg5 Nxb2 52. Kxh5
 1/2-1/2

[Event "21st 4NCL Congress"]
[Site "Harrogate"]
[Date "2019.01.19"]
[Round "2"]
[Board "6"]
[White "Williamson, Graham Ag"]
[Black "Bielby, Paul R"]
[Result "0-1"]
[WhiteElo "1799"]
[BlackElo "1907"]
[PlyCount "84"]
[EventDate "2019.01.18"]
[EventRounds "5"]
[EventCountry "ENG"]

1. d4 Nf6 2. Bf4 d5 3. e3 c5 4. c3 Nc6 5. Bd3 e6 6. a3 Be7 7. Nd2 h6 8. Ngf3
Nh5 9. Bg3 Nxg3 10. hxg3 Bd7 11. Qe2 Qc7 12. Rc1 c4 13. Bc2 f5 14. Nh4 O-O-O
15. Ng6 Rhe8 16. Nxe7+ Rxe7 17. f4 Be8 18. Kf2 h5 19. b3 b5 20. a4 a6 21. axb5
axb5 22. bxc4 bxc4 23. Ra1 Kd7 24. Nf3 Rb8 25. Ba4 Kd8 26. Bxc6 Qxc6 27. Ne5
Qb6 28. Ra2 Reb7 29. Rxh5 Bxh5 30. Qxh5 Re7 31. Qh4 Qb7 32. Ng6 Ke8 33. Ra6 Kf7
34. Nxe7 Qxa6 35. Qg5 Rb2+ 36. Kg1 Qa2 37. Qg6+ Kxe7 38. Qxg7+ Kd6 39. Qe5+ Kd7
40. Qg7+ Kc6 41. Qh6 Qb1+ 42. Kh2 Qe4  0-1

[Event "21st 4NCL Congress"]
[Site "Harrogate"]
[Date "2019.01.19"]
[Round "2"]
[Board "7"]
[White "Procter, Colin S"]
[Black "Coop, Brian H"]
[Result "0-1"]
[WhiteElo "1776"]
[BlackElo "1892"]
[PlyCount "126"]
[EventDate "2019.01.18"]
[EventRounds "5"]
[EventCountry "ENG"]

1. Nf3 d5 2. g3 c5 3. Bg2 Nf6 4. O-O Nc6 5. d4 e6 6. c4 Be7 7. cxd5 exd5 8. Bg5
h6 9. Bf4 O-O 10. Nc3 Re8 11. e3 Bg4 12. h3 Bf5 13. g4 Be4 14. Nxe4 Nxe4 15.
Nd2 cxd4 16. Nxe4 dxe4 17. Bxe4 Bf6 18. Bg2 Qb6 19. Rb1 Rad8 20. Qf3 Re6 21.
Qg3 Qb5 22. Rfe1 Rde8 23. Bf1 Qd5 24. Red1 g5 25. Bc7 Qxa2 26. exd4 Nxd4 27.
Qd3 Qd5 28. Bg2 Qd7 29. Bg3 Qe7 30. Qa3 Ne2+ 31. Kh2 Qxa3 32. bxa3 Nc3 33. Bxb7
Nxb1 34. Rxb1 Rb6 35. Rxb6 axb6 36. Bc6 Re1 37. a4 Be5 38. Bxe5 Rxe5 39. Kg3
Kf8 40. h4 Ke7 41. hxg5 hxg5 42. f3 Kd6 43. Bb5 f6 44. Kf2 Kc5 45. f4 Re4 46.
Kf3 Rxf4+ 47. Kg3 Kb4 48. Bd7 Ka5 49. Be8 Rxa4 50. Bxa4 Kxa4 51. Kf3 b5 52. Ke4
b4 53. Kf5 b3 54. Kxf6 b2 55. Kxg5 b1=Q 56. Kf6 Qf1+ 57. Kg6 Qf8 58. g5 Kb5 59.
Kh7 Qf7+ 60. Kh6 Kc6 61. g6 Qg8 62. g7 Kd6 63. Kg6 Ke7  0-1

[Event "21st 4NCL Congress"]
[Site "Harrogate"]
[Date "2019.01.19"]
[Round "2"]
[Board "8"]
[White "Walshaw, David"]
[Black "Bagley, Andy J"]
[Result "1-0"]
[WhiteElo "1634"]
[BlackElo "1855"]
[PlyCount "61"]
[EventDate "2019.01.18"]
[EventRounds "5"]
[EventCountry "ENG"]

1. a3 d5 2. g3 c5 3. Bg2 Nc6 4. c4 d4 5. Bxc6+ bxc6 6. f4 e6 7. d3 Nf6 8. Nf3
Bd6 9. Nbd2 Qc7 10. Nb3 Rb8 11. Bd2 e5 12. fxe5 Bxe5 13. Nxe5 Rxb3 14. Qxb3
Qxe5 15. Bf4 Qe6 16. Qb8 O-O 17. Qd6 Re8 18. Qxe6 Bxe6 19. h3 a5 20. Kd2 Bf5
21. Bd6 Nd7 22. g4 Bg6 23. Rhf1 h5 24. Rae1 hxg4 25. hxg4 Re6 26. Bf4 Ne5 27.
Bxe5 Rxe5 28. e3 dxe3+ 29. Rxe3 Rxe3 30. Kxe3 Kf8 31. Rh1  1-0

[Event "21st 4NCL Congress"]
[Site "Harrogate"]
[Date "2019.01.19"]
[Round "2"]
[Board "9"]
[White "Cast, Julian"]
[Black "Murphy, Ross"]
[Result "1-0"]
[WhiteElo "1982"]
[BlackElo "1667"]
[PlyCount "29"]
[EventDate "2019.01.18"]
[EventRounds "5"]
[EventCountry "ENG"]

1. e4 Nf6 2. e5 Nd5 3. Bc4 Nb6 4. Bb3 d5 5. exd6 exd6 6. d4 d5 7. Nc3 Be7 8.
Qf3 c6 9. Qg3 Bf6 10. Bf4 Bf5 11. Nf3 O-O 12. O-O Be7 13. a4 a5 14. Bc7 Bh4 15.
Nxh4  1-0

[Event "21st 4NCL Congress"]
[Site "Harrogate"]
[Date "2019.01.19"]
[Round "2"]
[Board "10"]
[White "Dunkley, Michael"]
[Black "Molano Lafuente, Ismael"]
[Result "1/2-1/2"]
[WhiteElo "1759"]
[BlackElo "1935"]
[PlyCount "111"]
[EventDate "2019.01.18"]
[EventRounds "5"]
[EventCountry "ENG"]

1. e4 c5 2. c3 d5 3. exd5 Qxd5 4. d4 Nc6 5. Nf3 e5 6. dxe5 Qxd1+ 7. Kxd1 Bg4 8.
Bf4 Nge7 9. Nbd2 Ng6 10. Bg5 h6 11. Be3 Ngxe5 12. h3 Bxf3+ 13. Nxf3 Nxf3 14.
gxf3 O-O-O+ 15. Kc2 Bd6 16. f4 Rhe8 17. Rg1 Bf8 18. Bc4 Rd7 19. Rad1 Red8 20.
Bd3 Kc7 21. Be2 Rxd1 22. Rxd1 Rxd1 23. Bxd1 f5 24. Bh5 Kd6 25. Kd3 b5 26. b3 a6
27. Bf3 Be7 28. Kd2 Bf6 29. Kd3 g6 30. Kd2 a5 31. a4 b4 32. cxb4 Nxb4 33. Be2
Bd4 34. Bc4 Ke7 35. Ke2 Bxe3 36. fxe3 g5 37. Kf3 Nc2 38. Kf2 gxf4 39. exf4 Nd4
40. Kg3 Kf6 41. Kh4 Kg6 42. Kg3 Nc6 43. Kf3 Ne7 44. Kg3 Nc8 45. Kf3 Nd6 46. Bd5
Kg7 47. Ke3 Kf8 48. Kf3 Ne8 49. Bc4 Ng7 50. Bd3 Ke7 51. Ke3 Ke6 52. Bc4+ Kd6
53. Kf3 Ne6 54. Ke3 Ke7 55. Kf3 Kf6 56. Ke3  1/2-1/2

[Event "21st 4NCL Congress"]
[Site "Harrogate"]
[Date "2019.01.19"]
[Round "2"]
[Board "11"]
[White "Ward, W (Bill)"]
[Black "Hilton, Tim"]
[Result "0-1"]
[WhiteElo "1894"]
[BlackElo "1781"]
[PlyCount "20"]
[EventDate "2019.01.18"]
[EventRounds "5"]
[EventCountry "ENG"]

1. e4 c5 2. b4 cxb4 3. a3 d5 4. e5 Nc6 5. d4 Bf5 6. Nf3 e6 7. h3 Qb6 8. Be3
bxa3 9. Nxa3 Bxa3 10. Rxa3 Qb4+  0-1

[Event "21st 4NCL Congress"]
[Site "Harrogate"]
[Date "2019.01.19"]
[Round "2"]
[Board "12"]
[White "Chan, Sheng Liang Bernard"]
[Black "Ormerod, Stephen"]
[Result "1-0"]
[WhiteElo "1755"]
[BlackElo "1885"]
[PlyCount "85"]
[EventDate "2019.01.18"]
[EventRounds "5"]
[EventCountry "ENG"]

1. d4 Nf6 2. Bf4 g6 3. e3 Bg7 4. Nf3 b6 5. Be2 Bb7 6. Nbd2 d6 7. h3 Nbd7 8. O-O
O-O 9. Bh2 c5 10. c3 Ne4 11. Qc2 Nxd2 12. Qxd2 Qc7 13. Rfd1 Rad8 14. Rac1 e5
15. Ne1 e4 16. Nc2 c4 17. Na3 Bd5 18. b3 cxb3 19. Nb5 Qc6 20. c4 b2 21. Qxb2
Be6 22. Qb1 d5 23. cxd5 Qxd5 24. Nc7 Qxa2 25. Qxa2 Bxa2 26. Bd6 Bb3 27. Re1 Nf6
28. Bxf8 Bxf8 29. Ra1 Rd7 30. Rxa7 Nd5 31. Nb5 Rd8 32. Rc1 Bb4 33. g3 Kg7 34.
Bc4 Rc8 35. Rxf7+ Kh6 36. Nc7 Bd2 37. Bxb3 Bxc1 38. Nxd5 Bd2 39. h4 Rc1+ 40.
Kg2 Be1 41. Nf6 g5 42. h5 Rb1 43. Rxh7#  1-0

[Event "21st 4NCL Congress"]
[Site "Harrogate"]
[Date "2019.01.19"]
[Round "2"]
[Board "13"]
[White "Millar, Greg F"]
[Black "Wood, Peter R"]
[Result "1/2-1/2"]
[WhiteElo "1742"]
[BlackElo "1883"]
[PlyCount "64"]
[EventDate "2019.01.18"]
[EventRounds "5"]
[EventCountry "ENG"]

1. Nf3 b6 2. d4 Bb7 3. g3 e6 4. Bg2 Nf6 5. O-O Be7 6. c4 c5 7. Nc3 cxd4 8. Nxd4
Bxg2 9. Kxg2 O-O 10. e4 d6 11. b3 Nbd7 12. Nc6 Qe8 13. Bf4 e5 14. Be3 Nc5 15.
Nxe7+ Qxe7 16. f3 Rac8 17. Qe2 Rc6 18. Rad1 Rfc8 19. Rd2 h6 20. Rfd1 a6 21. Nd5
Nxd5 22. Rxd5 Nb7 23. f4 exf4 24. Bxf4 Nc5 25. R1d4 Ne6 26. Rd3 Nxf4+ 27. gxf4
Re8 28. e5 dxe5 29. Rxe5 Re6 30. Rde3 Rxe5 31. Rxe5 Qb7+ 32. Kg3 Rxe5  1/2-1/2

[Event "21st 4NCL Congress"]
[Site "Harrogate"]
[Date "2019.01.19"]
[Round "2"]
[Board "14"]
[White "Baxter, Harry"]
[Black "Potter, Steven"]
[Result "1-0"]
[WhiteElo "1862"]
[BlackElo "1724"]
[PlyCount "71"]
[EventDate "2019.01.18"]
[EventRounds "5"]
[EventCountry "ENG"]

1. Nf3 b6 2. g3 Bb7 3. d4 e6 4. Bg2 f5 5. O-O Nf6 6. c4 Be7 7. Nc3 O-O 8. d5
exd5 9. cxd5 Bc5 10. Nd4 Bxd4 11. Qxd4 c5 12. dxc6 Nxc6 13. Qa4 Qe7 14. Bg5 h6
15. Nd5 Qxe2 16. Nxf6+ gxf6 17. Bxh6 Rfe8 18. Bd5+ Kh7 19. Qh4 Qg4 20. Qxf6 Qg6
21. Qxg6+ Kxg6 22. Be3 Rac8 23. Rfd1 Ba6 24. Bg2 Ne5 25. Rd6+ Re6 26. Rad1 Rce8
27. h4 Bb5 28. Bf4 Nd3 29. R6xd3 R8e7 30. Bf3 d6 31. Rxd6 Rxd6 32. Bxd6 Rd7 33.
Bf4 a5 34. Kg2 Kf6 35. Be2 Re7 36. Bg5+  1-0

[Event "21st 4NCL Congress"]
[Site "Harrogate"]
[Date "2019.01.19"]
[Round "2"]
[Board "15"]
[White "Gogia, Armaan"]
[Black "Grice, Alec"]
[Result "1-0"]
[WhiteElo "1850"]
[BlackElo "1682"]
[PlyCount "57"]
[EventDate "2019.01.18"]
[EventRounds "5"]
[EventCountry "ENG"]

1. e4 Nf6 2. e5 Nd5 3. c4 Nb6 4. d4 d6 5. exd6 exd6 6. Nc3 Be7 7. Bd3 O-O 8.
Be3 Nc6 9. a3 Bf6 10. Nge2 Re8 11. O-O Bg4 12. Qc2 g6 13. h3 Bxe2 14. Nxe2 d5
15. c5 Nc8 16. b4 a6 17. Rfd1 N8a7 18. Rab1 Nb5 19. Qb2 Rb8 20. a4 Nba7 21. b5
axb5 22. axb5 Ne7 23. Bf4 Rc8 24. b6 cxb6 25. Qxb6 Nac6 26. Bc2 Qd7 27. Nc3
Nxd4 28. Qxf6 Qe6 29. Qxd4  1-0

[Event "21st 4NCL Congress"]
[Site "Harrogate"]
[Date "2019.01.19"]
[Round "2"]
[Board "16"]
[White "Connor, Michael I"]
[Black "Almazedi, Firas"]
[Result "0-1"]
[WhiteElo "1652"]
[BlackElo "1836"]
[PlyCount "124"]
[EventDate "2019.01.18"]
[EventRounds "5"]
[EventCountry "ENG"]

1. d4 d5 2. c4 Nc6 3. Nf3 Bg4 4. cxd5 Bxf3 5. dxc6 Bxc6 6. Nc3 e6 7. a3 h6 8.
e4 Nf6 9. f3 Be7 10. Bc4 O-O 11. O-O a6 12. Be3 b5 13. Be2 Bb7 14. Qb3 Qc8 15.
Rfc1 c5 16. Nd1 c4 17. Qc3 Qd7 18. Nf2 Rac8 19. Rd1 Rfd8 20. Rd2 Bd6 21. e5 Nd5
22. Qc1 Nxe3 23. exd6 Qxd6 24. Ne4 Qd5 25. Qc3 Nf5 26. Rad1 Ne7 27. Qe3 Qf5 28.
g4 Qg6 29. Nc5 Rb8 30. Qe5 Nd5 31. h4 Qf6 32. Qg3 Qf4 33. Qxf4 Nxf4 34. Kf2 Nd5
35. Rc1 Rd6 36. Ne4 Rb6 37. Nc5 Rd8 38. a4 Ba8 39. a5 Rbd6 40. Ne4 Rc6 41. b3
cxb3 42. Rxc6 Bxc6 43. Nc5 Nb4 44. Nxb3 Bd5 45. Nc5 Ra8 46. Nd7 Rc8 47. Nc5 Ra8
48. Nd7 Ra7 49. Nb6 Rc7 50. Nxd5 Nxd5 51. Bd1 Rc3 52. Bc2 Kf8 53. Be4 Nc7 54.
Bb7 Ke7 55. f4 b4 56. Rb2 b3 57. Be4 Kd6 58. f5 Nd5 59. fxe6 fxe6 60. g5 hxg5
61. hxg5 Kc6 62. Ke2 Re3+  0-1

[Event "21st 4NCL Congress"]
[Site "Harrogate"]
[Date "2019.01.19"]
[Round "2"]
[Board "17"]
[White "Stephenson, David W"]
[Black "Szasz, Anna K"]
[Result "1-0"]
[WhiteElo "1818"]
[BlackElo "1517"]
[PlyCount "75"]
[EventDate "2019.01.18"]
[EventRounds "5"]
[EventCountry "ENG"]

1. e4 e6 2. d4 d5 3. Nc3 Nf6 4. Bg5 Bb4 5. e5 h6 6. exf6 hxg5 7. fxg7 Rg8 8. h4
gxh4 9. Qh5 Qf6 10. Rxh4 Qxg7 11. Nf3 Nd7 12. O-O-O Nf6 13. Qe5 Bd6 14. Qe2 Ng4
15. Nxd5 c6 16. Ne3 Bf4 17. Kb1 Nxf2 18. Qxf2 Bg3 19. Qe2 Bxh4 20. Nxh4 Qf6 21.
Nf3 Bd7 22. Nc4 O-O-O 23. a4 Kc7 24. Qe3 Be8 25. Qa3 b6 26. a5 b5 27. Nce5 Rd6
28. Qc5 Qd8 29. Qxa7+ Kc8 30. c4 Qc7 31. Qc5 bxc4 32. Nxc4 Rd8 33. a6 Kb8 34.
Rd3 Ka8 35. Rb3 Rb8 36. Nb6+ Rxb6 37. Rxb6 Bd7 38. Rb7  1-0

[Event "21st 4NCL Congress"]
[Site "Harrogate"]
[Date "2019.01.19"]
[Round "2"]
[Board "18"]
[White "Turner, Sam"]
[Black "Hughes, Peter"]
[Result "1/2-1/2"]
[WhiteElo "1510"]
[BlackElo "1817"]
[PlyCount "104"]
[EventDate "2019.01.18"]
[EventRounds "5"]
[EventCountry "ENG"]

1. d4 f5 2. g3 Nf6 3. c4 g6 4. Bg2 Bg7 5. b3 O-O 6. Bb2 d6 7. Nf3 c6 8. O-O a5
9. Qc2 Na6 10. a3 Bd7 11. Nbd2 h6 12. e4 fxe4 13. Nxe4 Nxe4 14. Qxe4 Bf5 15.
Qe3 g5 16. Nd2 Rf7 17. f4 g4 18. Be4 Qd7 19. Rae1 Rd8 20. Re2 d5 21. cxd5 Bxe4
22. Qxe4 Qxd5 23. Qg6 Qf5 24. Qxf5 Rxf5 25. Rxe7 Bxd4+ 26. Bxd4 Rxd4 27. Nc4 a4
28. Ne3 Rf8 29. b4 Rf7 30. Rxf7 Kxf7 31. Nxg4 h5 32. Ne5+ Kf6 33. Kg2 Nc7 34.
h3 Nd5 35. Rf3 Rd2+ 36. Rf2 Rd1 37. g4 hxg4 38. hxg4 Nxf4+ 39. Rxf4+ Kxe5 40.
Rf3 Rd7 41. Kg3 Ke6 42. g5 Rf7 43. Rxf7 Kxf7 44. Kf4 Kg6 45. Ke5 b6 46. Kd6 c5
47. bxc5 bxc5 48. Kxc5 Kxg5 49. Kb5 Kf6 50. Kxa4 Ke7 51. Kb5 Kd7 52. Kb6 Kc8
 1/2-1/2

[Event "21st 4NCL Congress"]
[Site "Harrogate"]
[Date "2019.01.19"]
[Round "2"]
[Board "19"]
[White "Ngulube, Michael"]
[Black "Daley, Mark"]
[Result "0-1"]
[WhiteElo "1691"]
[BlackElo "1982"]
[PlyCount "84"]
[EventDate "2019.01.18"]
[EventRounds "5"]
[EventCountry "ENG"]

1. d4 Nf6 2. b3 d5 3. Ba3 g6 4. Nf3 Bg7 5. e3 c6 6. Bd3 Qc7 7. O-O O-O 8. Nbd2
Re8 9. c4 Nbd7 10. Bb2 b6 11. Rc1 Bb7 12. Re1 e6 13. e4 dxe4 14. Nxe4 Nxe4 15.
Bxe4 Nf6 16. Bb1 Rad8 17. Ne5 c5 18. Nd3 cxd4 19. c5 Nd5 20. Qg4 Ba6 21. Bxd4
Bxd4 22. Qxd4 Bxd3 23. Qxd3 bxc5 24. Qb5 Rc8 25. Re4 Qb6 26. Qe2 Qa5 27. Rec4
Red8 28. h4 Nb6 29. Rf4 Qd2 30. Qxd2 Rxd2 31. b4 Rd4 32. Rxd4 cxd4 33. Rxc8+
Nxc8 34. a4 Kf8 35. h5 Ke7 36. f4 Kd6 37. Kf2 Nb6 38. Bc2 Nd5 39. hxg6 hxg6 40.
Kf3 Nxb4 41. Bb3 Nd3 42. Ke4 Nc5+  0-1

[Event "21st 4NCL Congress"]
[Site "Harrogate"]
[Date "2019.01.19"]
[Round "2"]
[Board "20"]
[White "Robinson, Brian"]
[Black "Bitlloch, Jordi"]
[Result "1-0"]
[WhiteElo "1547"]
[BlackElo "1765"]
[PlyCount "95"]
[EventDate "2019.01.18"]
[EventRounds "5"]
[EventCountry "ENG"]

1. d4 Nf6 2. Nf3 c5 3. e3 b6 4. Bd3 Bb7 5. Nbd2 e6 6. O-O Be7 7. c3 O-O 8. Re1
Na6 9. e4 cxd4 10. Nxd4 Nc5 11. Bc2 Rc8 12. e5 Nd5 13. Ne4 Nxe4 14. Bxe4 d6 15.
Qd3 g6 16. Nxe6 fxe6 17. Bxg6 Rf5 18. Bxf5 exf5 19. Qxf5 dxe5 20. Qxe5 Bf6 21.
Qg3+ Kh8 22. Bh6 Qc7 23. Qxc7 Nxc7 24. Rad1 Rg8 25. g3 Rd8 26. Rxd8+ Bxd8 27.
Bf4 Bc6 28. Bxc7 Bxc7 29. Re7 Bb8 30. f4 Kg8 31. f5 a5 32. g4 Bd6 33. Re1 Bc5+
34. Kf1 Kf7 35. h4 Bf3 36. g5 Bg4 37. f6 Bh3+ 38. Ke2 Bd6 39. Kf3 h6 40. Ke4
hxg5 41. hxg5 Kg6 42. Kd5 Bc5 43. Re5 Bg2+ 44. Ke6 Bh3+ 45. Kd5 Bf5 46. Kc6 Bf2
47. f7 Bc5 48. Rxc5  1-0

[Event "21st 4NCL Congress"]
[Site "Harrogate"]
[Date "2019.01.19"]
[Round "2"]
[Board "21"]
[White "Burns, Martin J"]
[Black "Taylor, Robert P"]
[Result "1-0"]
[WhiteElo "1889"]
[BlackElo "1703"]
[PlyCount "143"]
[EventDate "2019.01.18"]
[EventRounds "5"]
[EventCountry "ENG"]

1. e4 Nc6 2. d4 d5 3. e5 f6 4. f4 fxe5 5. fxe5 Bf5 6. c3 e6 7. Nf3 Be7 8. Be3
a6 9. Be2 Qd7 10. O-O h6 11. a4 g5 12. Bd3 Rh7 13. Ne1 g4 14. b4 Bg5 15. Qd2
Bxe3+ 16. Qxe3 Nce7 17. Nd2 h5 18. Nb3 b6 19. a5 b5 20. Nc5 Qc6 21. Qg5 O-O-O
22. Bxf5 exf5 23. Ned3 Nh6 24. Nf4 Kb8 25. Rae1 Rf8 26. Qh4 Ka7 27. Qg5 h4 28.
Qxh4 Ng6 29. Qg5 Nxf4 30. Rxf4 Qe8 31. Rff1 c6 32. Re2 Qf7 33. e6 Qe7 34. Qxe7+
Rxe7 35. g3 Rf6 36. Re5 Rg6 37. Kg2 Rf6 38. Rf2 Rg6 39. Rf4 Rf6 40. Kf2 Rg6 41.
Ke2 Rf6 42. Rf2 Rg6 43. Ke3 Rf6 44. Kf4 Rg6 45. Rf1 Rg8 46. Rfe1 Rg6 47. Nd7
Rg8 48. Nb6 Kb7 49. R1e2 Kc7 50. Rf2 Kd6 51. Rfe2 Kc7 52. Re1 Kd6 53. Nd7 Rg6
54. Nc5 Kc7 55. Nxa6+ Kb7 56. Nc5+ Ka7 57. Nd7 Kb7 58. Nc5+ Ka7 59. Rf1 Rgg7
60. Ke3 Rg5 61. Rf4 Rh5 62. Rf2 Rg5 63. Kf4 Rg8 64. Rfe2 Rg6 65. Nd7 Rgg7 66.
Ra2 Ka6 67. Nc5+ Ka7 68. a6 Rg6 69. Rae2 Rg8 70. Re1 Rg6 71. Nb7 Rgg7 72. Nd6
 1-0

[Event "21st 4NCL Congress"]
[Site "Harrogate"]
[Date "2019.01.19"]
[Round "2"]
[Board "22"]
[White "Cawston, M John"]
[Black "Parry, Jacques H"]
[Result "1-0"]
[WhiteElo "1850"]
[BlackElo "1681"]
[PlyCount "165"]
[EventDate "2019.01.18"]
[EventRounds "5"]
[EventCountry "ENG"]

1. e4 e5 2. Nf3 Nc6 3. Bb5 a6 4. Ba4 d6 5. O-O Bd7 6. c3 g6 7. Re1 Bg7 8. d3
Nf6 9. Nbd2 O-O 10. Nf1 Re8 11. Bg5 h6 12. Bh4 Ne7 13. Bb3 g5 14. Bg3 Ng6 15.
Ne3 Be6 16. Bxe6 fxe6 17. a4 b5 18. axb5 axb5 19. Rxa8 Qxa8 20. Nd2 Nf4 21. Nb3
c5 22. f3 Nd7 23. Qc2 Qc6 24. Bf2 Ra8 25. g3 Ng6 26. Qe2 Nf6 27. Ra1 Rxa1+ 28.
Nxa1 Qa8 29. Nac2 Nd7 30. Qd1 Ne7 31. Qa1 Qxa1+ 32. Nxa1 Nc6 33. Kf1 Kf7 34.
Ke2 Kg6 35. Nac2 Nb6 36. Nd1 Nd7 37. Na3 Na7 38. Ne3 Nb6 39. Kd2 Bf8 40. Nac2
Nc6 41. Ng2 Nd7 42. h4 Be7 43. g4 Kg7 44. h5 Kf6 45. d4 exd4 46. cxd4 cxd4 47.
Nxd4 Nxd4 48. Bxd4+ Kf7 49. Kd3 Bf6 50. Ne1 Nc5+ 51. Ke3 Ke7 52. Bxf6+ Kxf6 53.
Kd4 Na6 54. Nd3 Nc7 55. e5+ dxe5+ 56. Nxe5 Nd5 57. Nd7+ Ke7 58. Nc5 Nb4 59. Ke5
Nc6+ 60. Ke4 Kd6 61. Nd3 Ne7 62. Ne5 Kc5 63. Nf7 Ng8 64. Ke5 Kb4 65. Nd6 Kc5
66. Kxe6 b4 67. b3 Kd4 68. Kf7 Kc3 69. Nb7 Kxb3 70. Na5+ Ka4 71. Nc4 Kb3 72.
Na5+ Ka4 73. Nb7 Kb5 74. Nd6+ Kc5 75. Ne4+ Kc4 76. Kxg8 Kd3 77. Nc5+ Kc4 78.
Ne4 Kd3 79. Kg7 Kc2 80. Nc5 Kc3 81. Kxh6 Kd4 82. Nb3+ Kc4 83. Nc1  1-0

[Event "21st 4NCL Congress"]
[Site "Harrogate"]
[Date "2019.01.19"]
[Round "2"]
[Board "23"]
[White "Roberts, Malcolm A"]
[Black "Horkan, Stanley"]
[Result "0-1"]
[WhiteElo "1676"]
[BlackElo "1848"]
[PlyCount "94"]
[EventDate "2019.01.18"]
[EventRounds "5"]
[EventCountry "ENG"]

1. e4 c5 2. Nf3 d6 3. Nc3 Nc6 4. h3 e6 5. a3 Be7 6. Bc4 Nf6 7. d3 O-O 8. O-O a6
9. Bd2 d5 10. Ba2 b5 11. exd5 Nxd5 12. Nxd5 exd5 13. Re1 Bf6 14. c3 Bf5 15. Be3
Be7 16. Rc1 c4 17. dxc4 dxc4 18. Bb1 Bxb1 19. Rxb1 Qc7 20. Qc2 h6 21. Rbd1 Rad8
22. Rxd8 Rxd8 23. Rd1 Bf6 24. Rxd8+ Qxd8 25. Kf1 Qd5 26. Qd2 Qxd2 27. Bxd2 Kf8
28. Ke2 Ke7 29. Ke3 Ke6 30. Ke4 Be5 31. Nd4+ Bxd4 32. cxd4 f5+ 33. Ke3 g5 34.
Bc3 Kd5 35. g3 h5 36. f4 g4 37. h4 a5 38. Be1 b4 39. axb4 axb4 40. Bd2 Nxd4 41.
Kf2 Nc2 42. Ke2 Ke4 43. Bc1 Nd4+ 44. Kf2 Kd3 45. Be3 c3 46. bxc3 bxc3 47. Bc1
Nb3  0-1

[Event "21st 4NCL Congress"]
[Site "Harrogate"]
[Date "2019.01.19"]
[Round "2"]
[Board "24"]
[White "May, Paul"]
[Black "Frith, Shane S"]
[Result "1-0"]
[WhiteElo "1797"]
[BlackElo "1626"]
[PlyCount "67"]
[EventDate "2019.01.18"]
[EventRounds "5"]
[EventCountry "ENG"]

1. d4 e6 2. c4 Nf6 3. Nc3 Bb4 4. f3 O-O 5. a3 Bxc3+ 6. bxc3 b6 7. e4 d6 8. Bg5
h6 9. Bh4 Nbd7 10. Bd3 e5 11. Ne2 Re8 12. O-O Nf8 13. f4 Ng6 14. Bxf6 gxf6 15.
f5 Ne7 16. Ng3 Kf8 17. Nh5 Ng8 18. Qg4 Ba6 19. Ng7 Re7 20. Rf3 Rd7 21. Rg3 Ke7
22. Rd1 Bb7 23. Bc2 Qf8 24. Qh4 Rdd8 25. Ba4 c6 26. Nh5 Rac8 27. Rxg8 Qxg8 28.
Qxf6+ Kf8 29. Qxh6+ Ke7 30. Qf6+ Ke8 31. Ng7+ Kf8 32. Ne6+ Ke8 33. Nxd8 Rxd8
34. dxe5  1-0

[Event "21st 4NCL Congress"]
[Site "Harrogate"]
[Date "2019.01.19"]
[Round "2"]
[Board "25"]
[White "Mendis, Vidura"]
[Black "Goodfellow, Russell R"]
[Result "0-1"]
[WhiteElo "1468"]
[BlackElo "1742"]
[PlyCount "78"]
[EventDate "2019.01.18"]
[EventRounds "5"]
[EventCountry "ENG"]

1. e4 c5 2. Nf3 e6 3. d4 cxd4 4. Nxd4 Nf6 5. f3 d5 6. e5 Nfd7 7. Bf4 a6 8. Be2
Qb6 9. Nc3 Qxb2 10. Na4 Qb4+ 11. c3 Qa5 12. O-O Qc7 13. Kh1 b5 14. Nb2 Bb7 15.
Rc1 Nc6 16. Nxc6 Bxc6 17. Nd3 Nb6 18. Bg3 Bd7 19. f4 Ba3 20. Rc2 Rc8 21. Qb1
Nc4 22. Bf2 Be7 23. Bd4 Na3 24. Qb3 Nxc2 25. Qxc2 b4 26. Qb3 bxc3 27. Nb4 Qb8
28. Nxa6 Qxb3 29. axb3 Ba3 30. Bb6 c2 31. Be3 c1=Q 32. Bxc1 Rxc1 33. b4 Rxf1+
34. Bxf1 O-O 35. b5 Rc8 36. b6 Rc1 37. Kg1 Bb5 38. g3 Rxf1+ 39. Kg2 Bxa6  0-1

[Event "21st 4NCL Congress"]
[Site "Harrogate"]
[Date "2019.01.19"]
[Round "2"]
[Board "26"]
[White "Smith, Steven J"]
[Black "Bamford, Paul"]
[Result "1/2-1/2"]
[WhiteElo "1736"]
[BlackElo "1526"]
[PlyCount "113"]
[EventDate "2019.01.18"]
[EventRounds "5"]
[EventCountry "ENG"]

1. d4 Nf6 2. c4 e6 3. Nf3 d5 4. e3 c6 5. Be2 Bd6 6. c5 Bc7 7. b4 Nbd7 8. Bb2
O-O 9. Nbd2 Re8 10. Ne5 Nxe5 11. dxe5 Nd7 12. f4 b6 13. Rc1 bxc5 14. bxc5 a5
15. a4 Ba6 16. O-O Bxe2 17. Qxe2 Rb8 18. Ba3 Qc8 19. Rb1 Bd8 20. Nf3 Be7 21.
Qc2 Qa6 22. Nd4 g6 23. Kf2 Rxb1 24. Rxb1 Rb8 25. Rxb8+ Nxb8 26. Qc3 Nd7 27. Nb3
Qa7 28. Qxa5 Qxa5 29. Nxa5 Bxc5 30. Bxc5 Nxc5 31. Nxc6 Nxa4 32. Ne7+ Kf8 33.
Nc8 Nc3 34. Nd6 Ke7 35. g4 f6 36. Kf3 fxe5 37. fxe5 g5 38. h3 Na4 39. e4 Nb6
40. exd5 exd5 41. Ke3 Nd7 42. Kd4 Ke6 43. Ne8 Nxe5 44. Nc7+ Kd6 45. Ne8+ Ke6
46. Nc7+ Kf6 47. Nxd5+ Ke6 48. Nc7+ Kf6 49. Ke4 Ng6 50. Ne8+ Kf7 51. Nd6+ Ke6
52. Nf5 Kf6 53. Kf3 Ne5+ 54. Kg3 h5 55. Ne3 h4+ 56. Kg2 Ke6 57. Nf5  1/2-1/2